00931nam a2200253Ia 4500001000700000003000500007008004100012010001100053040000900064090001700073100003600090245017400126260004100300300001000341502007500351901001700426902000600443910000900449942000600458942000600464999001900470952009400489952009400583Z_1462CHAP220113s2007 xx 000 0 und d a164551 cCHAP aTesis P 1988 aPérez López, Oswaldo989804 aDeterminación del tiempo óptimo de retiro de alimento antes del sacrificio de pollos de engorda en una empresa comercial en Apan, Hidalgo /cOswaldo Pérez López aChapingo, Méx. :bEl autor,c2007 a37 h. aTesis (Ing. Agr. Esp. en Zootecnia) -- UACH. Departamento de Zootecnia aTESIS P 1988 aM a2007 c2 c2 c164551d164551 00104070aZbZc1d2007-02-14f2l0pz_T 3378r2022-01-18 00:00:00t1w2022-01-18y2z3 00104070aZbZc1d2007-02-14f2l0pz_T 3379r2022-01-18 00:00:00t2w2022-01-18y2z3